Đang tải...

Holy Bible King James Version Book 15-Ezra

Chi tiết về thư mục
Tác giả chính: Zhingoora
Định dạng: eBook
Ngôn ngữ:Undetermined
Được phát hành: Kottayam DC Books
Những chủ đề:
LEADER 00407nam a2200133Ia 4500
008 161116s9999 xx 000 0 und d
100 |a Zhingoora 
245 |a Holy Bible King James Version Book 15-Ezra 
260 |b DC Books  |a Kottayam 
650 |a Bible & Other Sacred Texts 
650 |a Religion 
942 |c EB 
999 |c 116940  |d 116940 
952 |0 0  |1 0  |4 0  |7 0  |9 113697  |a MGUL  |b MGUL  |d 2016-11-16  |l 0  |r 2016-11-16  |w 2016-11-16  |y EB